Gol gemilang / (Record no. 58411)

MARC details
000 -LEADER
fixed length control field 00553cam a22002171i 4500
001 - CONTROL NUMBER
control field sa 64004281
003 - CONTROL NUMBER IDENTIFIER
control field DLC
005 - DATE AND TIME OF LATEST TRANSACTION
control field 20260227112023.0
008 - FIXED-LENGTH DATA ELEMENTS--GENERAL INFORMATION
fixed length control field 830429s1963 io a 000 1 ind
010 ## - LIBRARY OF CONGRESS CONTROL NUMBER
LC control number sa 64004281
025 ## - OVERSEAS ACQUISITION NUMBER
Overseas acquisition number PL480:Indo-224
035 ## - SYSTEM CONTROL NUMBER
System control number (OCoLC)9459969
040 ## - CATALOGING SOURCE
Original cataloging agency DLC
Transcribing agency OAU
Modifying agency WU
-- DLC
042 ## - AUTHENTICATION CODE
Authentication code premarc
050 00 - LIBRARY OF CONGRESS CALL NUMBER
Classification number PL5089.T32
Item number G6 1963
100 1# - MAIN ENTRY--PERSONAL NAME
Personal name Tahar, Taslim.
245 10 - TITLE STATEMENT
Title Gol gemilang /
Statement of responsibility, etc. Taslim Tahar.
250 ## - EDITION STATEMENT
Edition statement Tjet. 2.
260 ## - PUBLICATION, DISTRIBUTION, ETC.
Place of publication, distribution, etc. Djakarta :
Name of publisher, distributor, etc. Bwaro Niaga,
Date of publication, distribution, etc. 1963.
300 ## - PHYSICAL DESCRIPTION
Extent 91 p. :
Other physical details ill. ;
Dimensions 16 cm.

No items available.

Powered by Koha